South Dakota General Knowledge - Statistics

General Stats
  • This quiz has been taken 18 times
  • The average score is 8 of 11
Answer Stats
Hint Answer % Correct
What town is home to "The Kernels?" Mitchell
100%
What town do all the motorcycles go to? Sturgis
100%
What is the monument that seems to never make any progress? Crazy Horse
93%
What place will you see signs for on I-90 across the state? Wall Drug
87%
If you are going to the cities where are you going? Minneapolis/St Paul
80%
What interstate goes through Sioux Falls, Brookings, and Watertown? I-29
73%
What is the state bird? Ring-necked Pheasant
67%
What is the mascot for Augustana University? Vikings
67%
What is the name of the mall in Sioux Falls? Empire Mall
53%
What did Black Elk Peak used to be known as? Harney Peak
53%
What is the most famous highway in the black hills? Needles Highway
33%
No matching quizzes found
Score Distribution
Percent of People with Each Score
Percentile by Number Answered
Your Score History
You have not taken this quiz